ბათუმის შოთა რუსთაველის სახელმწიფო უნივერსიტეტის ბიბლიოთეკა

ძველი წიგნებიდან ამოკრებილი ლექსები. (ბიბ.ჩანაწერი № 43949)

000 -LEADER
fixed length control field 00732nam a2200193Ia 4500
001 - CONTROL NUMBER
control field 10698
003 - CONTROL NUMBER IDENTIFIER
control field GE_BSU
008 - FIXED-LENGTH DATA ELEMENTS--GENERAL INFORMATION
fixed length control field 181216s||||||||xx |||||||||||||| ||und||
040 ## - CATALOGING SOURCE
Transcribing agency GE_BSU
100 ## - MAIN ENTRY--PERSONAL NAME
Personal name ფხოველი,ჯარჯი
245 ## - TITLE STATEMENT
Title ძველი წიგნებიდან ამოკრებილი ლექსები.
245 ## - TITLE STATEMENT
Statement of responsibility, etc. რედ.ზ.მოლაშხია; მხატვ.ა.თევზაძე.
260 ## - PUBLICATION, DISTRIBUTION, ETC.
Place of publication, distribution, etc. თბილისი.
260 ## - PUBLICATION, DISTRIBUTION, ETC.
Name of publisher, distributor, etc. საბჭ.საქართველო.
260 ## - PUBLICATION, DISTRIBUTION, ETC.
Date of publication, distribution, etc. 1983.
300 ## - PHYSICAL DESCRIPTION
Extent 179გვ;17სმ.
653 ## - INDEX TERM--UNCONTROLLED
Uncontrolled term ძველი წიგნებიდან ამოკრებილი ლექსები.
942 ## - ADDED ENTRY ELEMENTS (KOHA)
Koha item type წიგნი
ეგზემპლარები
Withdrawn status Lost status Damaged status Not for loan Date acquired Barcode Date last seen Price effective from Koha item type
        2018-12-17 34967 2018-12-17 2018-12-17 წიგნი